Los discursos opuestos sobre la independencia de la Nueva España / (Record no. 195681)

MARC details
000 -LEADER
campo de control de longitud fija 02882nam a2200493 i 4500
001 - NÚMERO DE CONTROL
campo de control 195681
003 - IDENTIFICADOR DE NÚMERO DE CONTROL
campo de control SpMaBN
005 - FECHA Y HORA DE LA ÚLTIMA TRANSACCIÓN
campo de control 20250822054123.0
007 - CAMPO FIJO DE DESCRIPCIÓN FÍSICA--INFORMACIÓN GENERAL
campo de control de longitud fija ta
008 - DATOS DE LONGITUD FIJA--INFORMACIÓN GENERAL
campo de control de longitud fija 240703s2006 sp | ||| ||spa
016 7# - NÚMERO DE CONTROL DE UNA AGENCIA BIBLIOGRÁFICA NACIONAL
Número de control del registro bimoBNE20070381305
Fuente SpMaBN
017 ## - NÚMERO DE COPYRIGHT O DE DEPÓSITO LEGAL
Número de copyright o de depósito legal M 52149-2006
Agencia que asigna Oficina Depósito Legal Madrid
020 ## - NÚMERO INTERNACIONAL ESTÁNDAR DEL LIBRO
Número Internacional Estándar del Libro 9788498440362 Fundación Mapfre
020 ## - NÚMERO INTERNACIONAL ESTÁNDAR DEL LIBRO
Número Internacional Estándar del Libro 849844036X Fundación Mapfre
020 ## - NÚMERO INTERNACIONAL ESTÁNDAR DEL LIBRO
Número Internacional Estándar del Libro 9788497440578 Doce Calles
020 ## - NÚMERO INTERNACIONAL ESTÁNDAR DEL LIBRO
Número Internacional Estándar del Libro 8497440579 Doce Calles
035 ## - NÚMERO DE CONTROL DEL SISTEMA
Número de control de sistema (OCoLC)85536113
035 ## - NÚMERO DE CONTROL DEL SISTEMA
Número de control de sistema bimo0002399760
040 ## - FUENTE DE CATALOGACIÓN
Centro catalogador/agencia de origen SpMaBN
Lengua de catalogación spa
Centro/agencia transcriptor SpMaBN
Normas de descripción rdc
Centro/agencia modificador ES-MaACL
080 ## - NÚMERO DE LA CLASIFICACIÓN DECIMAL UNIVERSAL
Número de la Clasificación Decimal Universal 94(72)"1810/21"(093)
245 04 - MENCIÓN DEL TÍTULO
Título Los discursos opuestos sobre la independencia de la Nueva España /
Mención de responsabilidad, etc. introducción y selección documental, Jaime Olveda.
260 ## - PUBLICACIÓN, DISTRIBUCIÓN, ETC.
Lugar de publicación, distribución, etc. Madrid :
Nombre del editor, distribuidor, etc. Fundación Mapfre, Instituto de Cultura ;
Lugar de publicación, distribución, etc. Aranjuez (Madrid) :
Nombre del editor, distribuidor, etc. Doce Calles,
Fecha de publicación, distribución, etc. [2006]
300 ## - DESCRIPCIÓN FÍSICA
Extensión 148 p. :
Otras características físicas il. ;
Dimensiones 21 cm
336 ## - TIPO DE CONTENIDO
Fuente rdacontent
Término de tipo de contenido texto
337 ## - TIPO DE MEDIO
Fuente rdamedia
Nombre/término del tipo de medio sin mediación
338 ## - TIPO DE SOPORTE
Fuente rdacarrier
Nombre/término del tipo de soporte volumen
490 1# - MENCIÓN DE SERIE
Mención de serie Publicaciones del programa "Iberoamérica: 200 años de convivencia independiente"
Designación de volumen o secuencia 17
490 1# - MENCIÓN DE SERIE
Mención de serie Prisma histórico
Designación de volumen o secuencia 7
500 ## - NOTA GENERAL
Nota general Catalogación provisional. N-10097. Depósito J
504 ## - NOTA DE BIBLIOGRAFÍA, ETC.
Nota de bibliografía, etc. Bibliografía: p. [147]-148
520 ## - RESUMEN, ETC.
Sumario, etc. La historiografía de los últimos años ha puesto de manifiesto que las comunidades se imaginan, las tradiciones se inventan, que no hay nación sin nacionalismo. Desde esta perspectiva, el análisis de los discursos a través de los cuales, en los procesos históricos de esa naturaleza, se legitima o rechaza el sentido de un Estado-nación determinado, constituye un ejercicio imprescindible para desentrañar el origen y las características de esos proyectos colectivos. Entre 1810 y 1821 la Nueva España transitó del virreinato a la república. Los textos que, en relación a esa decisiva transformación, se recuperan en esta séptima entrega de la colección Prisma Histórico constituyen un revelador testimonio de la forma en que se llevó a cabo este proceso.
651 #7 - PUNTO DE ACCESO ADICIONAL DE MATERIA--NOMBRE GEOGRÁFICO
Nombre geográfico México
Subdivisión general Historia
Subdivisión cronológica 1810-1821 (Guerra de la Independencia)
Subdivisión de forma Fuentes
Fuente del encabezamiento o término embne
9 (RLIN) 237341
700 1# - ENTRADA AGREGADA--NOMBRE PERSONAL
Nombre de persona Olveda, Jaime
9 (RLIN) 237342
Término indicativo de función/relación Editor
830 ## - PUNTO DE ACCESO ADICIONAL DE SERIE-TÍTULO UNIFORME
Título uniforme Publicaciones del programa "Iberoamérica: 200 años de convivencia independiente" ;
9 (RLIN) 237343
Designación de volumen o secuencia 17
830 #0 - PUNTO DE ACCESO ADICIONAL DE SERIE-TÍTULO UNIFORME
Título uniforme Prisma histórico: viejos documentos, nuevas lecturas
Designación de volumen o secuencia 7
9 (RLIN) 237346
852 ## - LOCALIZACIÓN
Ubicación ES-MaACL
Ubicación en estantería Depósito J
Número de control de estantería N-10097
Donativo/Legado Donación: Milagros López Salvador
itemnumber 203861
Nota libre En proceso
Encuadernación Encuadernación cartoné
903 ## - NOMBRE PERSONAL DE DONANTE
9 237348
a López Salvador, Milagros
e Donante
942 ## - ELEMENTOS DE ENTRADA SECUNDARIOS (KOHA)
Suprimir en OPAC No
Tipo de ítem Koha Libro impreso
Holdings
Estatus retirado Estado de pérdida Fuente del sistema de clasificación o colocación Estado de daño No para préstamo Biblioteca de origen Biblioteca actual Ubicación en estantería Fecha de adquisición Fuente de adquisición Total de préstamos Signatura topográfica completa Código de barras Visto por última vez Precio de reemplazo Tipo de ítem Koha
    Clasificación decimal universal     Biblioteca del Ateneo de Madrid Biblioteca del Ateneo de Madrid Depósito J 03/07/2024 Donación   N-10097 101228716 03/07/2024 03/07/2024 Libro impreso